| 000 | 00629nam a2200229Ia 4500 | ||
|---|---|---|---|
| 003 | OSt | ||
| 005 | 20220107122733.0 | ||
| 008 | 130318s9999 xx 000 0 und d | ||
| 020 | _a9780198074113 | ||
| 040 | _cIIITM-K | ||
| 082 | _a658.3 JYO/H | ||
| 100 |
_aJyothi, P _93598 |
||
| 245 |
_aHuman resource management _cbyP Jyothi; D.N Venkatesh |
||
| 250 | _a2nd ed. | ||
| 260 |
_bOxford University Press, _aNew Delhi, _c2012. |
||
| 300 | _axi, 559p. | ||
| 650 |
_aMANAGEMENT _93599 |
||
| 650 |
_aHUMAN RESOURCE MANAGEMENT _93600 |
||
| 650 |
_aPERSONNEL MANAGEMENT _93601 |
||
| 700 |
_aVenkatesh, D.N _93602 |
||
| 942 |
_2ddc _cBK |
||
| 999 |
_c3703 _d3703 |
||